16-富山県の市町村クイズ - Statistics

General Stats
  • This quiz has been taken 4,250 times
    3,917 since last reset
  • The average score is 11 of 15
Answers on the Map
Answers color-coded by a green-red scale on the quiz's map according to % correct below.
 
Answer Stats
Answer % Correct
富山とやま
90%
氷見ひみ
81%
舟橋ふなはしむら
79%
南砺なんと
78%
黒部くろべ
76%
高岡たかおか
72%
砺波となみ
71%
朝日あさひまち
70%
射水いみず
70%
立山たてやままち
70%
魚津うおづ
68%
入善にゅうぜんまち
65%
小矢部おやべ
63%
滑川なめりかわ
63%
上市かみいちまち
58%
No matching quizzes found
Score Distribution
Percent of People with Each Score
Percentile by Number Answered
Your Score History
You have not taken this quiz since the last reset